Object-oriented and classical software engineering

保存先:
書誌詳細
第一著者: Schach, Stephen R.
フォーマット: 図書
言語:Undetermined
出版事項: Boston, MA McGraw-Hill 2002
主題:
タグ: タグ追加
タグなし, このレコードへの初めてのタグを付けませんか!
Thư viện lưu trữ: Trung tâm Học liệu Trường Đại học Cần Thơ
LEADER 00609nam a2200193Ia 4500
001 CTU_61481
008 210402s9999 xx 000 0 und d
020 |c 408000 
082 |a 005.1 
082 |b S291 
100 |a Schach, Stephen R. 
245 0 |a Object-oriented and classical software engineering 
245 0 |c Stephen R. Schach 
260 |a Boston, MA 
260 |b McGraw-Hill 
260 |c 2002 
650 |a C++ ( computer program language ),Software engineering,Object-oriented programming ( computer science ) 
904 |i Minh,Hải 
980 |a Trung tâm Học liệu Trường Đại học Cần Thơ